[Event "Pardubice Czech op-E 32nd"]
[Site "Pardubice"]
[Date "2021.07.18"]
[Round "6.1"]
[White "Trhal, Tomas"]
[Black "Cech, Pavel"]
[Result "0-1"]
[WhiteElo "2041"]
[BlackElo "2332"]
[PlyCount "46"]
[EventDate "2021.07.15"]
[EventType "team-swiss"]
[EventRounds "7"]
[EventCountry "CZE"]
[SourceTitle "CBM 203 Extra"]
[Source "ChessBase"]
[SourceDate "2021.09.30"]
[SourceVersion "1"]
[SourceVersionDate "2021.09.30"]
[SourceQuality "1"]
[WhiteTeam "Vysoke Myto"]
[BlackTeam "Turnov Zikuda II"]
[WhiteTeamCountry "CZE"]
[BlackTeamCountry "CZE"]

1. e4 e6 2. d4 d5 3. Nd2 Nf6 4. e5 Nfd7 5. Bd3 c5 6. c3 Nc6 7. Ne2 cxd4 8. cxd4 f6 9. Nf4 Nxd4 10. Qh5+ Ke7 11. Ng6+ hxg6 12. exf6+ Nxf6 13. Qxh8 Kf7 14. Qh4 e5 15. Nf3 Nxf3+ 16. gxf3 Bf5 17. Bxf5 gxf5 18. Bg5 Qa5+ 19. Bd2 Qb5 20. Rc1 e4 21. Rc7+ Kg8 22. Bc3 d4 23. Bxd4 Bb4+ 0-1

[Event "CZE-ch Betsys Online Blitz"]
[Site "Chess.com INT"]
[Date "2021.04.17"]
[Round "8"]
[White "Cechura, Petr"]
[Black "Trhal, Tomas"]
[Result "1-0"]
[WhiteElo "2192"]
[BlackElo "2041"]
[PlyCount "65"]
[EventDate "2021.04.17"]
[EventType "swiss (blitz)"]
[EventRounds "13"]
[EventCountry "CZE"]
[SourceTitle "CBM 201 Extra"]
[Source "ChessBase"]
[SourceDate "2021.05.31"]
[SourceVersion "1"]
[SourceVersionDate "2021.05.31"]
[SourceQuality "1"]

1. e4 c5 2. Nf3 d6 3. d3 Nf6 4. Nbd2 g6 5. g3 Bg7 6. Bg2 0-0 7. 0-0 Nc6 8. Re1 e6 9. c3 d5 10. Qc2 b6 11. a4 Bb7 12. Nf1 Rc8 13. Bg5 h6 14. Bxf6 Bxf6 15. Rad1 Bg7 16. Ne3 d4 17. Nc4 Re8 18. e5 Bf8 19. Qd2 a6 20. Qf4 g5 21. Qg4 b5 22. axb5 axb5 23. Nd6 Bxd6 24. exd6 Qxd6 25. h4 f6 26. hxg5 hxg5 27. Nxg5 fxg5 28. Qxg5+ Kh8 29. Re4 Re7 30. Rh4+ Rh7 31. Rxh7+ Kxh7 32. Be4+ Kh8 33. Kg2 1-0

[Event "CZE-chT2D 1920"]
[Site "Czech Republic"]
[Date "2019.11.17"]
[Round "3.1"]
[White "Trhal, Tomas"]
[Black "Kratky, Josef"]
[Result "1/2-1/2"]
[WhiteElo "2068"]
[BlackElo "2056"]
[PlyCount "25"]
[EventDate "2019.10.13"]
[EventType "team-tourn"]
[EventRounds "11"]
[EventCountry "CZE"]
[SourceTitle "EXT 2024"]
[Source "ChessBase"]
[SourceDate "2023.10.10"]
[SourceVersion "1"]
[SourceVersionDate "2023.10.10"]
[SourceQuality "1"]
[WhiteTeam "Chrudim"]
[BlackTeam "Lanskroun"]
[WhiteTeamCountry "CZE"]
[BlackTeamCountry "CZE"]

1. e4 e6 2. d4 d5 3. Nd2 Nf6 4. e5 Nfd7 5. Bd3 c5 6. c3 Nc6 7. Ne2 cxd4 8. cxd4 f6 9. Nf4 Nxd4 10. Qh5+ Ke7 11. Ng6+ hxg6 12. exf6+ Nxf6 13. Qxh8 1/2-1/2

[Event "CZE-chT2D 1819"]
[Site "Czech Republic"]
[Date "2019.02.10"]
[Round "8.4"]
[White "Trhal, Tomas"]
[Black "Brezmen, Pavel"]
[Result "1/2-1/2"]
[WhiteElo "2078"]
[BlackElo "2102"]
[PlyCount "28"]
[EventDate "2018.10.14"]
[EventType "team-tourn"]
[EventRounds "11"]
[EventCountry "CZE"]
[SourceTitle "EXT 2022"]
[Source "ChessBase"]
[SourceDate "2021.10.06"]
[SourceVersion "1"]
[SourceVersionDate "2021.10.06"]
[SourceQuality "1"]
[WhiteTeam "Chrudim"]
[BlackTeam "Kolin"]
[WhiteTeamCountry "CZE"]
[BlackTeamCountry "CZE"]

1. d4 Nf6 2. Nf3 e6 3. g3 Be7 4. Bg2 0-0 5. 0-0 d5 6. c4 c6 7. Nc3 Nbd7 8. cxd5 exd5 9. Bf4 Nb6 10. Ne5 Be6 11. Rc1 Nh5 12. Bd2 Nf6 13. Bf4 Nh5 14. Bd2 Nf6 1/2-1/2

[Event "CZE-chT2D 1819"]
[Site "Czech Republic"]
[Date "2018.11.18"]
[Round "3.4"]
[White "Novy, Martin"]
[Black "Trhal, Tomas"]
[Result "1/2-1/2"]
[WhiteElo "2182"]
[BlackElo "2078"]
[PlyCount "39"]
[EventDate "2018.10.14"]
[EventType "team-tourn"]
[EventRounds "11"]
[EventCountry "CZE"]
[SourceTitle "EXT 2022"]
[Source "ChessBase"]
[SourceDate "2021.10.06"]
[SourceVersion "1"]
[SourceVersionDate "2021.10.06"]
[SourceQuality "1"]
[WhiteTeam "Orechov"]
[BlackTeam "Chrudim"]
[WhiteTeamCountry "CZE"]
[BlackTeamCountry "CZE"]

1. Nf3 Nf6 2. c4 e6 3. g3 b6 4. Bg2 Bb7 5. 0-0 Be7 6. b3 0-0 7. Bb2 d5 8. d4 c5 9. cxd5 Nxd5 10. dxc5 Bxc5 11. a3 Nc6 12. b4 Be7 13. e4 Nf6 14. Nc3 Qxd1 15. Rfxd1 Rfd8 16. e5 Nd7 17. Nb5 a5 18. bxa5 Nxa5 19. Rac1 Nc5 20. Nd6 1/2-1/2

[Event "CZE-chT2D 1617"]
[Site "Czech Republic"]
[Date "2016.12.11"]
[Round "5.1"]
[White "Trhal, Tomas"]
[Black "Seidl, Stepan"]
[Result "0-1"]
[WhiteElo "2115"]
[BlackElo "2244"]
[PlyCount "260"]
[EventDate "2016.10.09"]
[EventType "team-tourn"]
[EventRounds "11"]
[EventCountry "CZE"]
[SourceTitle "EXT 2022"]
[Source "ChessBase"]
[SourceDate "2021.10.06"]
[SourceVersion "1"]
[SourceVersionDate "2021.10.06"]
[SourceQuality "1"]
[WhiteTeam "Vysoke Myto"]
[BlackTeam "Jihlava Gambit"]
[WhiteTeamCountry "CZE"]
[BlackTeamCountry "CZE"]

1. e4 c5 2. Nf3 d6 3. d4 cxd4 4. Nxd4 Nf6 5. Nc3 g6 6. Be3 Bg7 7. f3 0-0 8. g4 Nc6 9. Qd2 Nxd4 10. Bxd4 Be6 11. Nd5 Bxd5 12. exd5 Rc8 13. h4 Rc5 14. Bxc5 dxc5 15. 0-0-0 Ne8 16. h5 Nd6 17. Rh2 c4 18. c3 b5 19. Kb1 a5 20. Rc1 Qc7 21. Re2 Rb8 22. Rce1 b4 23. cxb4 c3 24. Qc1 Nc4 25. Rc2 Nd2+ 26. Rxd2 cxd2 27. Qxd2 Rxb4 28. Rc1 Qb8 29. Rc2 Rd4 30. Qc1 Bf8 31. Rc8 Qb7 32. hxg6 hxg6 33. Rc5 a4 34. Bc4 a3 35. Bb3 axb2 36. Qxb2 Qb4 37. Rc1 Rf4 38. Qc3 Qd6 39. Re1 Rb4 40. Qe5 Qa6 41. Qc3 Rb8 42. g5 Bg7 43. Qd2 Qd6 44. Rc1 Qe5 45. Rc6 Rd8 46. Kc2 Qf5+ 47. Qd3 Qxg5 48. Qe2 Bh6 49. Kb1 Bg7 50. Kc2 Be5 51. Qe4 Qg2+ 52. Kd3 Bd6 53. Rc2 Qf1+ 54. Qe2 Qb1 55. Qe4 Rc8 56. Ke2 Re8 57. Rc4 Qg1 58. Qg4 Qh2+ 59. Kf1 Bg3 60. Rc2 Qh1+ 61. Ke2 Qe1+ 62. Kd3 Qf1+ 63. Ke3 Qe1+ 64. Kd3 Qf1+ 65. Ke3 Bd6 66. Qc4 Qg1+ 67. Ke2 Qg2+ 68. Ke3 Qg5+ 69. Ke2 Kg7 70. Qg4 Qe5+ 71. Qe4 Qa1 72. Kd3 Qf1+ 73. Qe2 Qg1 74. Qf2 Qg5 75. Qd4+ Kg8 76. Qg4 Qe5 77. Qd4 Qg3 78. Qg4 Qe1 79. Qe4 Qd1+ 80. Rd2 Qb1+ 81. Rc2 Rb8 82. Ke2 Qa1 83. Kd3 Qd1+ 84. Rd2 Qb1+ 85. Ke2 Qh1 86. Rc2 Rb4 87. Rc4 Qg2+ 88. Kd3 Rb8 89. Qe2 Qh3 90. Rg4 Qh5 91. Qg2 Qf5+ 92. Re4 Qf6 93. Rc4 Qa1 94. Qg4 Qb1+ 95. Ke2 Kg7 96. Qd4+ f6 97. Qd3 Qb2+ 98. Qc2 Qe5+ 99. Re4 Qf5 100. Rg4 Qe5+ 101. Qe4 Qxe4+ 102. Rxe4 f5 103. Rc4 Kf6 104. Kf2 Rh8 105. f4 Rh4 106. Kf3 Rh3+ 107. Kg2 Re3 108. Kf2 Rd3 109. Ra4 Bc5+ 110. Kg2 Rd2+ 111. Kg3 Re2 112. Ra6+ Bd6 113. Ra4 Re1 114. Kf2 Re4 115. Kf3 Re1 116. Kf2 Rb1 117. Kg2 Rc1 118. Rc4 Re1 119. Ra4 Re3 120. Rc4 Kg7 121. Kf2 Rd3 122. Ra4 Kh6 123. Ke2 Rh3 124. Bd1 Rh1 125. Rd4 Rh2+ 126. Kf3 Rxa2 127. Be2 Ra3+ 128. Kg2 Ra2 129. Kf3 Kg7 130. Bc4 Ra4 0-1

[Event "CZE-chT1E 1516"]
[Site "Czech Republic"]
[Date "2016.02.28"]
[Round "9.4"]
[White "Trhal, Tomas"]
[Black "Karlik, Vladimir"]
[Result "0-1"]
[WhiteElo "2109"]
[BlackElo "2268"]
[PlyCount "46"]
[EventDate "2015.10.11"]
[EventType "team-tourn"]
[EventRounds "11"]
[EventCountry "CZE"]
[SourceTitle "EXT 2017"]
[Source "ChessBase"]
[SourceDate "2016.10.25"]
[SourceVersion "1"]
[SourceVersionDate "2016.10.25"]
[SourceQuality "1"]
[WhiteTeam "Policka"]
[BlackTeam "Kromeriz"]
[WhiteTeamCountry "CZE"]
[BlackTeamCountry "CZE"]

1. Nf3 Nf6 2. b3 g6 3. Bb2 Bg7 4. c4 0-0 5. Nc3 d6 6. d4 Nbd7 7. e3 e5 8. Be2 c6 9. 0-0 Re8 10. dxe5 dxe5 11. Qc2 Nc5 12. b4 Bf5 13. Qd1 Nd3 14. Ba3 a5 15. b5 Nb4 16. Qb3 Bf8 17. Rfd1 Qc7 18. Rac1 Rad8 19. Ne1 e4 20. Bb2 Bg7 21. Na4 Ng4 22. Bxg4 Bxg4 23. f3 Be6 0-1

[Event "CZE-chT2D 1516"]
[Site "Czech Republic"]
[Date "2016.01.10"]
[Round "5.2"]
[White "Trhal, Tomas"]
[Black "Hrabusa, Matej"]
[Result "0-1"]
[WhiteElo "2123"]
[BlackElo "2322"]
[PlyCount "52"]
[EventDate "2015.10.18"]
[EventType "team-tourn"]
[EventRounds "11"]
[EventCountry "CZE"]
[SourceTitle "EXT 2022"]
[Source "ChessBase"]
[SourceDate "2021.10.06"]
[SourceVersion "1"]
[SourceVersionDate "2021.10.06"]
[SourceQuality "1"]
[WhiteTeam "Vysoke Myto"]
[BlackTeam "Polabiny II"]
[WhiteTeamCountry "CZE"]
[BlackTeamCountry "CZE"]

1. e4 d6 2. d4 Nf6 3. Nc3 g6 4. Bg5 Bg7 5. Qd2 0-0 6. f3 c6 7. g4 b5 8. h4 e5 9. Nge2 Re8 10. 0-0-0 Qa5 11. a3 exd4 12. Nxd4 b4 13. axb4 Qa1+ 14. Nb1 Nxe4 15. fxe4 c5 16. Rh3 Bxd4 17. c3 Be5 18. Bb5 Bd7 19. Bxd7 Nxd7 20. Rf3 cxb4 21. Qd5 bxc3 22. bxc3 Rab8 23. Kd2 Rf8 24. Rdf1 Rb2+ 25. Ke3 Rxb1 26. Rxf7 Qxc3+ 0-1

[Event "CZE-chT2D 1516"]
[Site "Czech Republic"]
[Date "2015.12.06"]
[Round "4.3"]
[White "Trhal, Tomas"]
[Black "Smajzr, Martin"]
[Result "1/2-1/2"]
[WhiteElo "2123"]
[BlackElo "2201"]
[PlyCount "47"]
[EventDate "2015.10.18"]
[EventType "team-tourn"]
[EventRounds "11"]
[EventCountry "CZE"]
[SourceTitle "EXT 2022"]
[Source "ChessBase"]
[SourceDate "2021.10.06"]
[SourceVersion "1"]
[SourceVersionDate "2021.10.06"]
[SourceQuality "1"]
[WhiteTeam "Vysoke Myto"]
[BlackTeam "Usti nad Orlici"]
[WhiteTeamCountry "CZE"]
[BlackTeamCountry "CZE"]

1. Nf3 d5 2. g3 c5 3. Bg2 Nc6 4. d4 e6 5. 0-0 Nf6 6. b3 Qc7 7. Bb2 b5 8. a4 b4 9. dxc5 Bxc5 10. Bxf6 gxf6 11. Nbd2 f5 12. Rc1 Ba6 13. c4 bxc3 14. Rxc3 Bb4 15. Rc2 Qb6 16. Qa1 0-0 17. Qf6 Be7 18. Qh6 Kh8 19. Rfc1 Bb7 20. a5 Nxa5 21. Rc7 Qd6 22. Ng5 Bxg5 23. Qxg5 Rac8 24. Qf6+ 1/2-1/2

[Event "CZE-chT2D 1516"]
[Site "Czech Republic"]
[Date "2015.11.22"]
[Round "3.3"]
[White "Nemec, Pavel"]
[Black "Trhal, Tomas"]
[Result "1/2-1/2"]
[WhiteElo "2214"]
[BlackElo "2123"]
[PlyCount "55"]
[EventDate "2015.10.18"]
[EventType "team-tourn"]
[EventRounds "11"]
[EventCountry "CZE"]
[SourceTitle "EXT 2022"]
[Source "ChessBase"]
[SourceDate "2021.10.06"]
[SourceVersion "1"]
[SourceVersionDate "2021.10.06"]
[SourceQuality "1"]
[WhiteTeam "Chrudim"]
[BlackTeam "Vysoke Myto"]
[WhiteTeamCountry "CZE"]
[BlackTeamCountry "CZE"]

1. e4 c5 2. Nf3 d6 3. Bb5+ Bd7 4. Bxd7+ Qxd7 5. 0-0 Nf6 6. Qe2 Nc6 7. c3 e6 8. d4 cxd4 9. cxd4 d5 10. e5 Ne4 11. Nbd2 Nxd2 12. Bxd2 Be7 13. Rad1 Rc8 14. Bc3 b5 15. Rd3 b4 16. Bd2 Qb7 17. Bg5 Qb5 18. h4 Bxg5 19. hxg5 Ne7 20. Qd2 a5 21. Rd1 h5 22. Nh4 g6 23. Qf4 Rc2 24. R1d2 Rxd2 25. Qxd2 0-0 26. Rh3 Rc8 27. Qf4 Nf5 28. Nxf5 1/2-1/2

[Event "CZE-chT2D 1415"]
[Site "Czech Republic"]
[Date "2015.03.15"]
[Round "9.1"]
[White "Trhal, Tomas"]
[Black "Nun, Jiri"]
[Result "0-1"]
[WhiteElo "2164"]
[BlackElo "2356"]
[PlyCount "118"]
[EventDate "2014.11.02"]
[EventType "team-tourn"]
[EventRounds "11"]
[EventCountry "CZE"]
[SourceTitle "EXT 2022"]
[Source "ChessBase"]
[SourceDate "2021.10.06"]
[SourceVersion "1"]
[SourceVersionDate "2021.10.06"]
[SourceQuality "1"]
[WhiteTeam "Vysoke Myto"]
[BlackTeam "Hradec Kralove II"]
[WhiteTeamCountry "CZE"]
[BlackTeamCountry "CZE"]

1. e4 c5 2. Nf3 Nc6 3. d4 cxd4 4. Nxd4 Nf6 5. Nc3 e5 6. Ndb5 d6 7. Bg5 a6 8. Na3 b5 9. Nd5 Be7 10. Bxf6 Bxf6 11. c3 Bb7 12. Nc2 Nb8 13. g3 Nd7 14. Bg2 0-0 15. 0-0 Bxd5 16. Qxd5 Nb6 17. Qd3 Na4 18. Rab1 Nc5 19. Qd5 Qb6 20. h4 g6 21. Ne3 Bg7 22. h5 Bh6 23. Ng4 Bg5 24. hxg6 hxg6 25. Kh2 Kg7 26. f4 f5 27. exf5 gxf5 28. fxg5 fxg4 29. Qxa8 Rxa8 30. Bxa8 Qd8 31. Bd5 Qh8+ 32. Kg1 Qh3 33. Rf7+ Kg6 34. Rbf1 Qxg3+ 35. Kh1 Qh3+ 36. Kg1 Qe3+ 37. Kg2 Qd3 38. Ba8 d5 39. R7f6+ Kxg5 40. Rf8 Qe4+ 41. Kg3 Qd3+ 42. Kg2 Qc2+ 43. R1f2 Qe4+ 44. Kg3 Qd3+ 45. Kg2 Ne6 46. Rg8+ Kh5 47. Rh8+ Kg6 48. Rg8+ Ng7 49. Bc6 Kh7 50. Rgf8 Nh5 51. R2f7+ Kh6 52. Rh8+ Kg5 53. Rg8+ Kh4 54. Rh8 Qe4+ 55. Kf1 Qh1+ 56. Ke2 Kg3 57. Kd2 Qg2+ 58. Kc1 Nf4 59. Rd8 Qf1+ 0-1

[Event "CZE-chT1E 1415"]
[Site "Czech Republic"]
[Date "2014.11.09"]
[Round "2.8"]
[White "Trhal, Tomas"]
[Black "Koutny, Petr"]
[Result "1-0"]
[WhiteElo "2164"]
[BlackElo "2095"]
[PlyCount "90"]
[EventDate "2014.10.19"]
[EventType "team-tourn"]
[EventRounds "11"]
[EventCountry "CZE"]
[SourceTitle "EXT 2015"]
[Source "ChessBase"]
[SourceDate "2014.11.20"]
[SourceVersion "1"]
[SourceVersionDate "2014.11.20"]
[SourceQuality "1"]
[WhiteTeam "Chrudim"]
[BlackTeam "Zlin"]
[WhiteTeamCountry "CZE"]
[BlackTeamCountry "CZE"]

1. e4 c5 2. Nf3 d6 3. d4 cxd4 4. Nxd4 Nf6 5. Nc3 e6 6. Be2 Be7 7. 0-0 Nc6 8. Be3 Bd7 9. Kh1 Nxd4 10. Qxd4 Bc6 11. Rad1 0-0 12. f4 d5 13. e5 Nd7 14. Qd2 Bc5 15. Bxc5 Nxc5 16. Qe3 Qb6 17. f5 Ne4 18. Qxb6 axb6 19. Nxe4 dxe4 20. fxe6 fxe6 21. Bg4 Rxf1+ 22. Rxf1 Bd5 23. a3 Rc8 24. c3 Rc5 25. Kg1 Bc4 26. Re1 Rxe5 27. Kf2 Kf7 28. Ke3 Kf6 29. g3 Rd5 30. Rd1 Bd3 31. Rd2 Ke5 32. Rf2 Rd7 33. Rf8 Bc4 34. Be2 Bd3 35. Rf4 g5 36. Rf8 Bxe2 37. Kxe2 b5 38. Rc8 b6 39. Rb8 Rd6 40. Rb7 Kd5 41. Rxh7 Kc4 42. Rh5 Rd5 43. h4 e3 44. Rxg5 Rd2+ 45. Kxe3 Rxb2 1-0

[Event "CZE-chT2D 1415"]
[Site "Czech Republic"]
[Date "2014.11.02"]
[Round "1.1"]
[White "Trhal, Tomas"]
[Black "Strasil, Pavel"]
[Result "1/2-1/2"]
[WhiteElo "2164"]
[BlackElo "2105"]
[PlyCount "95"]
[EventDate "2014.11.02"]
[EventType "team-tourn"]
[EventRounds "11"]
[EventCountry "CZE"]
[SourceTitle "EXT 2022"]
[Source "ChessBase"]
[SourceDate "2021.10.06"]
[SourceVersion "1"]
[SourceVersionDate "2021.10.06"]
[SourceQuality "1"]
[WhiteTeam "Vysoke Myto"]
[BlackTeam "Zabreh"]
[WhiteTeamCountry "CZE"]
[BlackTeamCountry "CZE"]

1. e4 c5 2. Nf3 a6 3. c4 e6 4. Nc3 Qc7 5. g3 Nc6 6. Bg2 Nf6 7. 0-0 Be7 8. b3 0-0 9. d4 cxd4 10. Nxd4 d6 11. Be3 Bd7 12. Rc1 Nxd4 13. Bxd4 Rac8 14. Qe2 Qb8 15. Rfd1 Bc6 16. e5 dxe5 17. Bxe5 Qa7 18. Bxc6 bxc6 19. Rd3 Rfd8 20. Rcd1 Rxd3 21. Rxd3 Rd8 22. Bxf6 Bxf6 23. Rxd8+ Bxd8 24. Qd3 Bf6 25. Ne4 Bd4 26. c5 e5 27. Qc4 h6 28. b4 g6 29. Kg2 Kg7 30. Nd6 h5 31. h3 Kf8 32. f4 Qe7 33. f5 Qf6 34. h4 gxf5 35. Qxa6 Qe6 36. Qa8+ Kg7 37. Qxc6 Qxa2+ 38. Kh3 Qe6 39. Kh2 Qa2+ 40. Qg2 Qb1 41. c6 Bb6 42. c7 Bxc7 43. Ne8+ Kh7 44. Nxc7 Qxb4 45. Qf3 Qg4 46. Kg2 f4 47. Nd5 Qxf3+ 48. Kxf3 1/2-1/2